A semiotics of multimodality and signification in the Divine comedy /

"A new critical method for the Divine Comedy which focuses not only on language-as-writing but also and equally on other discursive modes that the Divine Comedy authorizes. Multimodality was already present in Dante's time, and the reception of the Divine Comedy took place multimodally. Th...

Full description

Bibliographic Details
Main Author: De Benedictis, Raffaele, 1964- (Author)
Format: Book
Language:English
Published: New York : Routledge, Taylor & Francis Group, 2024.
Series:Routledge studies in medieval literature and culture.
Subjects:

MARC

Tag First Indicator Second Indicator Subfields
LEADER 00000cam a2200000 i 4500
001 in00004784621
003 OCoLC
005 20240307132607.8
008 230508t20242024nyua b 001 0 eng
010 |a  2023014665 
024 8 |a 40032148150 
040 |a DLC  |b eng  |e rda  |c DLC  |d OCLCF  |d OCLCO  |d YDX 
020 |a 9781032497334  |q hardcover 
020 |a 1032497335  |q hardcover 
020 |a 9781032501925  |q paperback 
020 |a 1032501928  |q paperback 
020 |z 9781003397298  |q electronic book 
035 |a (OCoLC)1381313878 
042 |a pcc 
050 0 0 |a PQ4390  |b .D335 2024 
082 0 0 |a 851/.1  |2 23/eng/20230606 
100 1 |a De Benedictis, Raffaele,  |d 1964-  |e author. 
245 1 2 |a A semiotics of multimodality and signification in the Divine comedy /  |c Raffaele De Benedictis. 
264 1 |a New York :  |b Routledge, Taylor & Francis Group,  |c 2024. 
264 4 |c ©2024 
300 |a 251 pages :  |b illustrations ;  |c 24 cm. 
336 |a text  |b txt  |2 rdacontent 
337 |a unmediated  |b n  |2 rdamedia 
338 |a volume  |b nc  |2 rdacarrier 
490 1 |a Routledge studies in medieval literature and culture 
504 |a Includes bibliographical references and index. 
520 |a "A new critical method for the Divine Comedy which focuses not only on language-as-writing but also and equally on other discursive modes that the Divine Comedy authorizes. Multimodality was already present in Dante's time, and the reception of the Divine Comedy took place multimodally. Thus, a theoretical study of multimodality carried out under the semiotic lens sheds light on how and why a mode is more effective than another and/or how they may combine in producing signification and new ontologies warranted by Dante's text. Also, we do not have yet a critical theory that allows us to understand the function of multimodality for the creation of new forms of signification and clarifying the ontological boundaries set forth by different modalities. It is a new and original study which contributes to the advancement of Dante Studies, Literary Criticism (with a focus on literary semiotics), Multimedia/Multiliteracy, philosophy of language, communication, and education"--  |c Provided by publisher. 
600 0 0 |a Dante Alighieri,  |d 1265-1321.  |t Divina commedia. 
600 0 0 |a Dante Alighieri,  |d 1265-1321  |x Literary style. 
600 0 7 |a Dante Alighieri,  |d 1265-1321  |2 fast  |0 (OCoLC)fst00029097 
630 0 7 |a Divina commedia (Dante Alighieri)  |2 fast  |0 (OCoLC)fst01356246 
650 7 |a Literary style  |2 fast  |0 (OCoLC)fst01136323 
655 7 |a Literary criticism  |2 fast  |0 (OCoLC)fst01986215 
655 7 |a Literary criticism.  |2 lcgft 
655 7 |a Critiques littéraires.  |2 rvmgf  |0 (CaQQLa)RVMGF-000001939 
776 0 8 |i Online version:  |a De Benedictis, Raffaele.  |t Semiotics of multimodality and signification in the Divine comedy  |d New York, NY : Routledge, 2024  |z 9781003397298  |w (DLC) 2023014666 
830 0 |a Routledge studies in medieval literature and culture. 
945 |b 12388 
947 |a A14852514596 
980 |b print  |c 40032148150  |f NONFIC/B  |g 565714  |k USD  |m 148.00  |q 1  |s AcqMono Conventional  |t Approval plan  |u Vendor order reference number  |v ZYBP  |y Print approval  |z Physical resource 
999 f f |i 72a76bc6-307b-4d8a-80d1-15db76866e6c  |s 5b87fd03-1178-4646-af86-2811a0de6021  |t 0 
952 f f |p normal  |a Texas A&M University  |b College Station  |c Sterling C. Evans Library  |s Evans stk  |d Evans: Library Stacks  |t 0  |e PQ4390 .D335 2024  |h Library of Congress classification  |i unmediated -- volume  |m A14852514596